El proyecto de educación infantil y su práctica en el aula

Zapisane w:
Opis bibliograficzny
1. autor: Ibáñez Sandín, Carmen (Autor)
Format: Książka
Język:hiszpański
Wydane: Madrid La Muralla 2003
Wydanie:12a. ed
Seria:Aula Abierta
Hasła przedmiotowe:
Etykiety: Dodaj etykietę
Nie ma etykietki, Dołącz pierwszą etykiete!

MARC

LEADER 00000nam a2200000 a 4500
001 UCL9473
003 CL-VaPUC
008 040806e20030000SP |||||||||||||||||spa|d
020 |a 8471336014 
082 0 4 |a 372.21  |b IBA  |2 21 
100 |a Ibáñez Sandín, Carmen  |e author  |9 487298 
245 1 3 |a El proyecto de educación infantil y su práctica en el aula 
250 |a 12a. ed 
300 |a 395 p 
942 |c BK 
945 |d 20040806 00:00:00  |a cmena 
260 |a Madrid  |b La Muralla  |c 2003 
650 0 |a Educación preescolar  |9 260381 
650 0 |a Planificación del currículo  |9 269599 
650 0 |a Métodos de enseñanza  |9 270413 
650 7 |a ROL DE LOS PADRES  |2 CL-VaPUC  |9 338980 
650 0 |a Rol del docente  |9 329733 
583 |a last modification  |c 20040806 00:00:00  |k Rodrigo Vera 
490 0 |a Aula Abierta 
999 |c 310241  |d 310239 
952 |0 0  |1 0  |4 0  |6 372_210000000000000_IBA_2003  |7 0  |8 A  |9 378520  |a BIBEDU  |b BIBEDU  |c ES_NOD  |d 2019-11-21  |i 4047168  |o 372.21 IBA 2003  |p 4047168  |r 2023-08-09  |w 2019-11-21  |y BK  |k PAR